Purchasing / (Record no. 5748)
[ view plain ]
| 000 -LEADER | |
|---|---|
| fixed length control field | 00753nam a22002412 4500 |
| 001 - CONTROL NUMBER | |
| control field | 0000002265 |
| 005 - DATE AND TIME OF LATEST TRANSACTION | |
| control field | 20151217151846.0 |
| 008 - FIXED-LENGTH DATA ELEMENTS--GENERAL INFORMATION | |
| fixed length control field | 070405s xx 000 0 eng d |
| 020 ## - INTERNATIONAL STANDARD BOOK NUMBER | |
| International Standard Book Number | 0273634224 : |
| Terms of availability | KES 1,215 |
| 040 ## - CATALOGING SOURCE | |
| Original cataloging agency | KABU |
| Transcribing agency | KABU |
| 050 #0 - LIBRARY OF CONGRESS CALL NUMBER | |
| Classification number | HF5437 |
| Item number | .L97 1996 |
| 100 1# - MAIN ENTRY--PERSONAL NAME | |
| Personal name | Lysons, Kenneth. |
| -- | 0000151573 |
| 245 10 - TITLE STATEMENT | |
| Title | Purchasing / |
| Statement of responsibility, etc. | Kenneth Lysons. |
| 250 ## - EDITION STATEMENT | |
| Edition statement | 4th ed. |
| 260 ## - PUBLICATION, DISTRIBUTION, ETC. (IMPRINT) | |
| Place of publication, distribution, etc. | London : |
| Name of publisher, distributor, etc. | Financial Times/Pitman Publishing, |
| Date of publication, distribution, etc. | 1996. |
| 300 ## - PHYSICAL DESCRIPTION | |
| Extent | xiv, 434 p. ; |
| Dimensions | 24 cm. |
| 650 #0 - SUBJECT ADDED ENTRY--TOPICAL TERM | |
| Topical term or geographic name as entry element | Purchasing. |
| -- | 0000150779 |
| 908 ## - PUT COMMAND PARAMETER (RLIN) | |
| Put command parameter | 070405 |
| 950 ## - LOCAL HOLDINGS (RLIN) | |
| -- | 1 |
| Withdrawn status | Lost status | Source of classification or shelving scheme | Not for loan | Home library | Current library | Date acquired | Total Checkouts | Full call number | Barcode | Date last seen | Date last checked out | Price effective from | Koha item type |
|---|---|---|---|---|---|---|---|---|---|---|---|---|---|
| Library of Congress Classification | Kabarak, Main Campus | Kabarak, Main Campus | 17/12/2015 | 1 | HF5437 .L97 1996 | 002469 | 02/08/2024 | 05/10/2018 | 17/12/2015 | General Collection | |||
| Library of Congress Classification | Kabarak, Main Campus | Kabarak, Main Campus | 17/12/2015 | HF5437 .L97 1996 | 002471 | 02/08/2024 | 17/12/2015 | General Collection | |||||
| Library of Congress Classification | Kabarak, Main Campus | Kabarak, Main Campus | 17/12/2015 | 1 | HF5437 .L97 1996 | 002472 | 02/08/2024 | 18/10/2018 | 17/12/2015 | General Collection |